Matemática 6 : (Registro nro. 7982)

Detalles MARC
000 -LIDER
fixed length control field 01336nam a2200289 a 4500
001 - NÚMERO DE CONTROL
Identificador de número de control 00157
003 - IDENTIFICACDOR DE NÚMERO DE CONTROL
control field DO-SdBNP
005 - DATE AND TIME OF LATEST TRANSACTION
control field 20180314080940.0
007 - CAMPOS FIJOS DE DESCRIPCIÓN FÍSICA
fixed length control field 00157
008 - ELEMENTOS DE LONGITUD FIJA
fixed length control field 150130s2008 dr ac 000 0 spa d
040 ## - FUENTE DE CATALOGACIÓN
Agencia que crea de manera original el registro BPMSU
Idioma de catalogación spa
Agencia que realiza la transcripción BPMSU
092 ## - LOCALLY ASSIGNED DEWEY DECIMAL CALL NUMBER
Número de clasificación 372.7
Número de ítem (Cutter) M425g 6to. 2008
245 00 - MENCIÓN DE TITULO
Título Matemática 6 :
Subtítulo guías para el aprendizaje /
Mención de responsabilidad Margarita Luciano...[et al.]
260 ## - PUBLICACIÓN, DISTRIBUCIÓN, ETC. (PIE DE IMPRENTA)
Lugar de publicación, distribución, etc Santo Domingo :
Nombre del editor, distribuidor, etc. Secretaría de Estado de Educación,
Fecha de publicación, distribución, etc 2008
300 ## - DESCRIPCIÓN FÍSICA
Extensión 248 p. :
Otros detalles físicos il., retrs. ;
Dimensiones 28 cm.
490 1# - MENCIÓN DE SERIES
Mención de serie Escuela multigrado innovada
500 ## - NOTA GENERAL
Nota general Educación básica.
500 ## - NOTA GENERAL
Nota general La biblioteca solamente posee los volumenes 5 y 6.
505 1# - NOTA DE CONTENIDO
Título Unidad 1 -- Exploramos los números y operamos con ellos --
-- Unidad 2 -- Realizamos operaciones con las fracciones --
-- Unidad 3 -- Resolvemos problemas con números decimales --
-- Unidad 4 -- Construimos y exploramos polígonos regulares e irregulares --
-- Unidad 5 -- Paso a paso: de la pulgada al pie llegamos a la yarda --
-- Unidad 6 -- Utilizamos tablas y gráficas para resolver problemas --
700 12 - ASIENTO SECUNDARIO -- NOMBRE PERSONAL
Nombre personal Luciano, Margarita
830 #0 - ASIENTO SECUNDARIO DE SERIE--TÍTULO UNIFORME
Título uniforme Escuela multigrado innovada
910 ## - VALIDACIÓN
Validación Validado. Control de calidad MFF
942 ## - ADDED ENTRY ELEMENTS (KOHA)
Source of classification or shelving scheme Dewey Decimal Classification
Koha item type Libros
945 ## - INFORMACIÓN DE PROCESAMIENTO LOCAL
Información de procesamiento local Inventariado / 2018 VM
956 ## - LOCAL ELECTRONIC LOCATION AND ACCESS (OCLC)
Nombre de host VMATEO
Número de acceso 10
Información de compresión 20150721
Inicio de sesión BMPSU
Procesador de solicitud 00151
956 ## - LOCAL ELECTRONIC LOCATION AND ACCESS (OCLC)
Nombre de host BTAVÁREZ
Número de acceso 10
Información de compresión 20160407
Inicio de sesión 157
Existencias
Withdrawn status Lost status Source of classification or shelving scheme Damaged status Not for loan Collection code Home library Current library Date acquired Source of acquisition Total Checkouts Full call number Barcode Date last seen Price effective from Koha item type Copy number
    Dewey Decimal Classification     Colección Escolar Biblioteca Pública Metropolitana Salomé Ureña Biblioteca Pública Metropolitana Salomé Ureña 07/21/2015 Donación   372.7 M425g 6to. 2008 BPMSU15070296 07/21/2015 07/21/2015 Libros  
    Dewey Decimal Classification     Colección Escolar Biblioteca Pública Metropolitana Salomé Ureña Biblioteca Pública Metropolitana Salomé Ureña 07/21/2015 Donación   372.7 M425e 6to. 2008 BPMSU15070297 07/21/2015 07/21/2015 Libros e. 2